000 00275nam a2200097Ia 4500
008 240331s9999 xx 000 0 und d
082 _a303.6
_bETH
100 _a De Silva, K. M.. ed
245 0 _aEthnic conflict in Buddhist societies :
_bSri Lanka, Thailand and Burma
942 _cL
999 _c1250
_d1250